<?xml version="1.0" encoding="UTF-8"?>
<record
    xmlns:xsi="http://www.w3.org/2001/XMLSchema-instance"
    xsi:schemaLocation="http://www.loc.gov/MARC21/slim http://www.loc.gov/standards/marcxml/schema/MARC21slim.xsd"
    xmlns="http://www.loc.gov/MARC21/slim">

  <leader>01346nam a22002297a 4500</leader>
  <datafield tag="999" ind1=" " ind2=" ">
    <subfield code="c">75630</subfield>
    <subfield code="d">75630</subfield>
  </datafield>
  <controlfield tag="005">20220104090858.0</controlfield>
  <controlfield tag="008">      s2559    th                  tha d</controlfield>
  <datafield tag="020" ind1=" " ind2=" ">
    <subfield code="a">9789744668523</subfield>
  </datafield>
  <datafield tag="040" ind1=" " ind2=" ">
    <subfield code="a">NALT</subfield>
  </datafield>
  <datafield tag="041" ind1=" " ind2=" ">
    <subfield code="a">tha</subfield>
  </datafield>
  <datafield tag="090" ind1=" " ind2=" ">
    <subfield code="a">KS 47 </subfield>
    <subfield code="b">&#xE19;157&#xE2B; 2559</subfield>
  </datafield>
  <datafield tag="100" ind1="0" ind2=" ">
    <subfield code="a">&#xE19;&#xE19;&#xE17;&#xE27;&#xE31;&#xE0A;&#xE23;&#xE4C; &#xE19;&#xE27;&#xE15;&#xE23;&#xE30;&#xE01;&#xE39;&#xE25;&#xE1E;&#xE34;&#xE2A;&#xE38;&#xE17;&#xE18;&#xE34;&#xE4C;</subfield>
    <subfield code="9">29708</subfield>
  </datafield>
  <datafield tag="245" ind1="1" ind2="0">
    <subfield code="a">&#xE2B;&#xE25;&#xE31;&#xE01;&#xE01;&#xE0E;&#xE2B;&#xE21;&#xE32;&#xE22;&#xE40;&#xE2D;&#xE01;&#xE40;&#xE17;&#xE28;&#xE2A;&#xE31;&#xE0D;&#xE0D;&#xE32; &#xE25;&#xE31;&#xE01;&#xE29;&#xE13;&#xE30;&#xE15;&#xE31;&#xE27;&#xE41;&#xE17;&#xE19;-&#xE19;&#xE32;&#xE22;&#xE2B;&#xE19;&#xE49;&#xE32; /</subfield>
    <subfield code="c">&#xE19;&#xE19;&#xE17;&#xE27;&#xE31;&#xE0A;&#xE23;&#xE4C; &#xE19;&#xE27;&#xE15;&#xE23;&#xE30;&#xE01;&#xE39;&#xE25;&#xE1E;&#xE34;&#xE2A;&#xE38;&#xE17;&#xE18;&#xE34;&#xE4C;.</subfield>
  </datafield>
  <datafield tag="250" ind1=" " ind2=" ">
    <subfield code="a">&#xE1E;&#xE34;&#xE21;&#xE1E;&#xE4C;&#xE04;&#xE23;&#xE31;&#xE49;&#xE07;&#xE17;&#xE35;&#xE48; 2</subfield>
  </datafield>
  <datafield tag="260" ind1=" " ind2=" ">
    <subfield code="a">&#xE01;&#xE23;&#xE38;&#xE07;&#xE40;&#xE17;&#xE1E;&#xE2F; : </subfield>
    <subfield code="b">&#xE42;&#xE04;&#xE23;&#xE07;&#xE01;&#xE32;&#xE23;&#xE15;&#xE33;&#xE23;&#xE32;&#xE41;&#xE25;&#xE30;&#xE40;&#xE2D;&#xE01;&#xE2A;&#xE32;&#xE23;&#xE1B;&#xE23;&#xE30;&#xE01;&#xE2D;&#xE1A;&#xE01;&#xE32;&#xE23;&#xE2A;&#xE2D;&#xE19; &#xE04;&#xE13;&#xE30;&#xE19;&#xE34;&#xE15;&#xE34;&#xE28;&#xE32;&#xE2A;&#xE15;&#xE23;&#xE4C; &#xE21;&#xE2B;&#xE32;&#xE27;&#xE34;&#xE17;&#xE22;&#xE32;&#xE25;&#xE31;&#xE22;&#xE18;&#xE23;&#xE23;&#xE21;&#xE28;&#xE32;&#xE2A;&#xE15;&#xE23;&#xE4C;, </subfield>
    <subfield code="c">2559.</subfield>
  </datafield>
  <datafield tag="300" ind1=" " ind2=" ">
    <subfield code="a">217 &#xE2B;&#xE19;&#xE49;&#xE32; :</subfield>
    <subfield code="b">&#xE41;&#xE1C;&#xE19;&#xE20;&#xE32;&#xE1E; ;</subfield>
    <subfield code="c">26 &#xE0B;&#xE21;.</subfield>
  </datafield>
  <datafield tag="650" ind1=" " ind2="0">
    <subfield code="a">&#xE01;&#xE0E;&#xE2B;&#xE21;&#xE32;&#xE22;&#xE41;&#xE1E;&#xE48;&#xE07;&#xE41;&#xE25;&#xE30;&#xE1E;&#xE32;&#xE13;&#xE34;&#xE0A;&#xE22;&#xE4C;</subfield>
    <subfield code="x">&#xE19;&#xE32;&#xE22;&#xE2B;&#xE19;&#xE49;&#xE32;</subfield>
    <subfield code="9">16008</subfield>
  </datafield>
  <datafield tag="650" ind1=" " ind2="0">
    <subfield code="a">&#xE01;&#xE0E;&#xE2B;&#xE21;&#xE32;&#xE22;&#xE41;&#xE1E;&#xE48;&#xE07;&#xE41;&#xE25;&#xE30;&#xE1E;&#xE32;&#xE13;&#xE34;&#xE0A;&#xE22;&#xE4C;</subfield>
    <subfield code="x">&#xE15;&#xE31;&#xE27;&#xE41;&#xE17;&#xE19;</subfield>
    <subfield code="9">16007</subfield>
  </datafield>
  <datafield tag="850" ind1=" " ind2=" ">
    <subfield code="a">NALT</subfield>
  </datafield>
  <datafield tag="942" ind1=" " ind2=" ">
    <subfield code="c">LB</subfield>
    <subfield code="2">local</subfield>
  </datafield>
  <datafield tag="998" ind1=" " ind2=" ">
    <subfield code="j">104</subfield>
    <subfield code="k"> &#xE2A;&#xE32;&#xE22;&#xE1D;&#xE19; &#xE14;&#xE35;&#xE07;&#xE32;&#xE21;</subfield>
  </datafield>
  <datafield tag="952" ind1=" " ind2=" ">
    <subfield code="0">0</subfield>
    <subfield code="1">0</subfield>
    <subfield code="2">local</subfield>
    <subfield code="4">0</subfield>
    <subfield code="7">0</subfield>
    <subfield code="8">CLAW</subfield>
    <subfield code="a">NALT</subfield>
    <subfield code="b">NALT</subfield>
    <subfield code="e">&#xE08;&#xE31;&#xE14;&#xE0B;&#xE37;&#xE49;&#xE2D;&#xE17;&#xE23;&#xE31;&#xE1E;&#xE22;&#xE32;&#xE01;&#xE23;</subfield>
    <subfield code="g">220.00</subfield>
    <subfield code="l">0</subfield>
    <subfield code="o">KS 47 &#xE19;157&#xE2B; 2559</subfield>
    <subfield code="p">3961203700</subfield>
    <subfield code="r">2017-06-09 00:00:00</subfield>
    <subfield code="v">270.00</subfield>
    <subfield code="w">2017-06-09</subfield>
    <subfield code="y">LB</subfield>
  </datafield>
</record>
